| 000 | 00778nam a2200253 a 4500 | ||
|---|---|---|---|
| 008 | |||
| 020 | _a052138897X (pbk.) | ||
| 049 | _aMAIN | ||
| 090 |
_aQC174.17.C45 _bBAK |
||
| 100 | 1 | _aBaker, Gregory L. | |
| 245 | 1 | 0 |
_aChaotic dynamics : _ban introduction / _cGregory L. Baker and Jerry P. Gollub. |
| 260 |
_aCambridge : _bCambridge University Press, _c1990. |
||
| 300 |
_a x, 182 p. : _bill. ; _c25 cm. |
||
| 504 | _aIncludes bibliographical references. | ||
| 500 | _aIncludes index. | ||
| 650 | 0 | _aPendulum. | |
| 650 | 0 | _aChaotic behavior in systems. | |
| 700 | 1 | _aGollub, Jerry P. | |
| 907 |
_a.b10032502 _b03-05-13 _c17-04-03 |
||
| 003 | |||
| 005 | 20230123133153.0 | ||
| 040 | _cNUST | ||
| 942 |
_cBOOKS _kQC174.17.C45 _mBAK |
||
| 999 |
_c143944 _d143944 |
||